000 00441nam a2200181Ia 4500
008 230524s9999 xx 000 0 und d
020 _a9788131766916
082 _bDAV
100 _aParag H.Dave
_941994
245 0 _aCompilers Principles and Practice
250 _a1
260 _aNoida
_bPearson
300 _a"XIII,479p;"
500 _aQuantity Number: 1
650 _aComp-Sc
700 _a Himanshu B.Dave
_941995
942 _cBK
999 _c56410
_d56410